[Event "Koltsovo op"]
[Site "Koltsovo"]
[Date "2010.07.04"]
[Round "7"]
[White "Latyev, Viktor"]
[Black "Shevchenko, Vitaly"]
[Result "1-0"]
[WhiteElo "1956"]
[BlackElo "2104"]
[PlyCount "85"]
[EventDate "2010.06.28"]
[EventType "swiss"]
[EventRounds "9"]
[EventCountry "RUS"]
[SourceTitle "CBM 137 Extra"]
[Source "ChessBase"]
[SourceDate "2010.09.01"]
[SourceVersion "1"]
[SourceVersionDate "2010.09.01"]
[SourceQuality "1"]

1. d4 f5 2. c4 Nf6 3. Nf3 d6 4. g3 c6 5. Bg2 Qc7 6. Nc3 e5 7. dxe5 dxe5 8. 0-0 Bb4 9. Qc2 0-0 10. Bg5 Be6 11. b3 Nbd7 12. Rad1 Rae8 13. Bc1 h6 14. a3 Be7 15. Nh4 Nh5 16. Ng6 Rf7 17. Nxe7+ Rexe7 18. a4 Re8 19. Ba3 Qd8 20. Rd6 Qg5 21. Nd5 Ndf6 22. Ne3 Ng4 23. Nxg4 Qxg4 24. Bb2 e4 25. f3 exf3 26. exf3 Qg5 27. f4 Qg4 28. Bf3 Qh3 29. Qe2 Rfe7 30. Bxh5 Bd5 31. Be5 Rxe5 32. fxe5 Rxe5 33. cxd5 Rxe2 34. Bxe2 cxd5 35. Rxd5 f4 36. Bc4 Kh7 37. Bd3+ g6 38. Rxf4 Qe6 39. Bc4 Qe3+ 40. Kg2 g5 41. Rd7+ Kg6 42. Bf7+ Kg7 43. Bh5+ 1-0

[Event "Novosibirsk Sukharev Memorial op"]
[Site "Novosibirsk"]
[Date "2008.07.22"]
[Round "?"]
[White "Gankin, Stanislav"]
[Black "Shevchenko, Vitaly"]
[Result "1-0"]
[WhiteElo "2269"]
[BlackElo "2122"]
[PlyCount "69"]
[EventDate "2008.07.20"]
[EventType "swiss"]
[EventRounds "9"]
[EventCountry "RUS"]
[SourceTitle "EXT 2022"]
[Source "ChessBase"]
[SourceDate "2021.10.06"]
[SourceVersion "1"]
[SourceVersionDate "2021.10.06"]
[SourceQuality "1"]

1. e4 d5 2. exd5 Nf6 3. d4 Nxd5 4. Nf3 Bg4 5. Be2 e6 6. h3 Bh5 7. c4 Nb6 8. Nc3 Nc6 9. Be3 Be7 10. b3 0-0 11. 0-0 Rb8 12. Qd2 Bf6 13. Ne4 Bxf3 14. Nxf6+ gxf6 15. Bxf3 Ne7 16. Rad1 Kh8 17. Qa5 Nbc8 18. Qh5 Ng6 19. d5 Qe7 20. Be4 f5 21. Bb1 Nb6 22. Rfe1 Qf6 23. Bg5 Qg7 24. dxe6 fxe6 25. Rxe6 Rbe8 26. Rxe8 Rxe8 27. Bxf5 c5 28. Bxg6 Qxg6 29. Qxg6 hxg6 30. Rd8 Rxd8 31. Bxd8 Nd7 32. f4 Kg7 33. Kf2 Nb8 34. Ba5 Nc6 35. Bc3+ 1-0

[Event "Novosibirsk-ch"]
[Site "Novosibirsk"]
[Date "2008.02.29"]
[Round "7"]
[White "Nikolaev, Alexander"]
[Black "Shevchenko, Vitaly"]
[Result "1/2-1/2"]
[WhiteElo "1948"]
[BlackElo "2148"]
[PlyCount "116"]
[EventDate "2008.02.22"]
[EventType "swiss"]
[EventRounds "9"]
[EventCountry "RUS"]
[SourceTitle "CBM 123 Extra"]
[Source "ChessBase"]
[SourceDate "2008.05.06"]
[SourceVersion "1"]
[SourceVersionDate "2008.05.06"]
[SourceQuality "1"]

1. d4 Nc6 2. d5 Ne5 3. e4 e6 4. Be2 Bc5 5. Nf3 Ng6 6. c4 Nf6 7. Nc3 0-0 8. 0-0 exd5 9. exd5 d6 10. Bd3 Bg4 11. h3 Bxf3 12. Qxf3 Nd7 13. Kh1 Nde5 14. Qg3 Nxd3 15. Qxd3 Ne5 16. Qe2 Qh4 17. f4 Nd7 18. Bd2 Rae8 19. Qf3 f5 20. Rae1 Qf6 21. Qd3 Bb6 22. b4 Qg6 23. Nb5 Nf6 24. c5 dxc5 25. bxc5 Bxc5 26. Nxc7 Ne4 27. Nxe8 Ng3+ 28. Kh2 Nxf1+ 29. Qxf1 Rxe8 30. Qb5 Rxe1 31. Bxe1 b6 32. Qd7 h5 33. Bc3 Kh7 34. Qxa7 h4 35. Be1 Qf6 36. Qd7 Qd4 37. Qxf5+ g6 38. Qf7+ Kh6 39. Bxh4 Qg1+ 40. Kg3 Qf2+ 41. Kh2 Qxh4 42. g3 Qe7 43. Qxe7 Bxe7 44. Kg2 Kg7 45. Kf3 Kf6 46. Ke4 Bd8 47. g4 Bc7 48. g5+ Ke7 49. f5 Kf7 50. fxg6+ Kxg6 51. h4 Bg3 52. d6 Bxh4 53. Kd5 Bxg5 54. Kc6 Bd8 55. Kd7 Bf6 56. Kc7 Kf5 57. Kxb6 Ke6 58. Kc6 Bd8 1/2-1/2

[Event "Novosibirsk State University-ch"]
[Site "Novosibirsk"]
[Date "2007.??.??"]
[Round "3.5"]
[White "Parkhomenko, Alexander"]
[Black "Shevchenko, Vitaly"]
[Result "1/2-1/2"]
[WhiteElo "2009"]
[BlackElo "2194"]
[PlyCount "38"]
[EventDate "2007.05.01"]
[EventType "tourn"]
[EventRounds "9"]
[EventCountry "RUS"]
[SourceTitle "EXT 2022"]
[Source "ChessBase"]
[SourceDate "2021.10.06"]
[SourceVersion "1"]
[SourceVersionDate "2021.10.06"]
[SourceQuality "1"]

1. e4 e6 2. d4 d6 3. Nf3 Ne7 4. Be2 Ng6 5. 0-0 Be7 6. c4 0-0 7. Nc3 c6 8. a3 a5 9. b3 f5 10. exf5 exf5 11. Bd3 Nh4 12. Nxh4 Bxh4 13. g3 Bf6 14. Ne2 c5 15. Bb2 Nc6 16. Bc2 f4 17. Qd3 g6 18. Nxf4 Bf5 19. Qd1 Bxc2 1/2-1/2

[Event "Novosibirsk Region-ch"]
[Site "Novosibirsk"]
[Date "2003.??.??"]
[Round "1"]
[White "Okladnikov, Gennady"]
[Black "Shevchenko, Vitaly"]
[Result "0-1"]
[WhiteElo "2244"]
[BlackElo "2236"]
[PlyCount "61"]
[EventDate "2003.??.??"]
[EventType "swiss"]
[EventRounds "9"]
[EventCountry "RUS"]
[SourceTitle "EXT 2008"]
[Source "ChessBase"]
[SourceDate "2007.11.25"]
[SourceVersion "1"]
[SourceVersionDate "2007.11.25"]
[SourceQuality "1"]

1. e4 d5 2. exd5 Nf6 3. Bb5+ Nbd7 4. c4 a6 5. Bxd7+ Qxd7 6. d4 c6 7. Nf3 cxd5 8. Ne5 Qf5 9. 0-0 dxc4 10. Nxc4 b5 11. Ne5 e6 12. Nc3 Nd5 13. a4 b4 14. Nxd5 exd5 15. Re1 Be6 16. a5 Bd6 17. Qa4+ Ke7 18. g4 Qf6 19. Bd2 Rhb8 20. Kg2 h5 21. h3 hxg4 22. hxg4 Rb5 23. Qb3 Rh8 24. Qe3 Bxe5 25. Qxe5 Qxe5 26. Rxe5 Kd7 27. g5 Rc8 28. b3 Rc2 29. Be1 f6 30. Re3 fxg5 31. Ra4 0-1

[Event "Novosibirsk Region-ch"]
[Site "Novosibirsk"]
[Date "2003.??.??"]
[Round "8"]
[White "Shevchenko, Vitaly"]
[Black "Chigvintsev, Andrei"]
[Result "1/2-1/2"]
[WhiteElo "2236"]
[BlackElo "2379"]
[PlyCount "100"]
[EventDate "2003.??.??"]
[EventType "swiss"]
[EventRounds "9"]
[EventCountry "RUS"]
[SourceTitle "EXT 2008"]
[Source "ChessBase"]
[SourceDate "2007.11.25"]
[SourceVersion "1"]
[SourceVersionDate "2007.11.25"]
[SourceQuality "1"]

1. e4 c5 2. Nf3 e6 3. b3 Nc6 4. Bb2 Nge7 5. e5 Ng6 6. Bb5 Qb6 7. Bxc6 Qxc6 8. 0-0 b6 9. Nc3 Bb7 10. Re1 Be7 11. d4 0-0 12. dxc5 bxc5 13. Ne4 c4 14. Qd4 cxb3 15. cxb3 Qb6 16. Nfd2 Bb4 17. a3 Bxe4 18. axb4 Bd5 19. Qxb6 axb6 20. b5 Nf4 21. Bd4 Nd3 22. Reb1 Rfc8 23. Nc4 Bxc4 24. Rxa8 Rxa8 25. bxc4 Rb8 26. Rd1 Nf4 27. Be3 Ne2+ 28. Kf1 Nc3 29. Rxd7 Ra8 30. g3 Na4 31. Rb7 Nb2 32. Bxb6 Nxc4 33. Bc7 h5 34. b6 Ra1+ 35. Kg2 Rb1 36. Ra7 Rxb6 37. Bxb6 Nxb6 38. Kh3 Nc4 39. f4 g6 40. Kh4 Kg7 41. h3 Nd2 42. g4 hxg4 43. hxg4 Ne4 44. Kh3 Kg8 45. Rc7 g5 46. Rc4 Nf2+ 47. Kg3 Nd3 48. fxg5 Nxe5 49. Rc8+ Kg7 50. Kf4 Ng6+ 1/2-1/2

[Event "Sibiria Region-ch"]
[Site "Novosibirsk"]
[Date "2003.??.??"]
[Round "3"]
[White "Shevchenko, Vitaly"]
[Black "Rusakov, Evgeny"]
[Result "1-0"]
[WhiteElo "2236"]
[BlackElo "2057"]
[PlyCount "85"]
[EventDate "2003.05.??"]
[EventType "swiss"]
[EventRounds "9"]
[EventCountry "RUS"]
[SourceTitle "EXT 2008"]
[Source "ChessBase"]
[SourceDate "2007.11.25"]
[SourceVersion "1"]
[SourceVersionDate "2007.11.25"]
[SourceQuality "1"]

1. Nf3 Nf6 2. d4 g6 3. c4 Bg7 4. Nc3 0-0 5. Bg5 d6 6. Qd2 c6 7. e4 Nbd7 8. 0-0-0 Qa5 9. Kb1 a6 10. Bd3 e5 11. dxe5 dxe5 12. Nd5 Qxd2 13. Ne7+ Kh8 14. Rxd2 Nc5 15. Bxf6 Bxf6 16. Nxc8 Raxc8 17. b4 Ne6 18. c5 a5 19. a3 axb4 20. axb4 Ra8 21. Bc4 Ra4 22. Bxe6 Rxb4+ 23. Rb2 Rxb2+ 24. Kxb2 fxe6 25. Rd1 Be7 26. Rd7 Bxc5 27. Rxb7 Bxf2 28. Kc3 c5 29. Kc4 Be3 30. Re7 Rf6 31. Nxe5 Bd4 32. Nd3 e5 33. g4 Ra6 34. Nxe5 Bxe5 35. Rxe5 Ra2 36. h4 Rg2 37. g5 Rh2 38. Kxc5 Rxh4 39. Re7 Rh5 40. Kd6 Rxg5 41. e5 h5 42. e6 Rg1 43. Rd7 1-0

[Event "Sibiria Region-ch"]
[Site "Novosibirsk"]
[Date "2003.??.??"]
[Round "1"]
[White "Shevchenko, Vitaly"]
[Black "Zablotsky, Sergei"]
[Result "0-1"]
[WhiteElo "2236"]
[BlackElo "2451"]
[PlyCount "58"]
[EventDate "2003.05.??"]
[EventType "swiss"]
[EventRounds "9"]
[EventCountry "RUS"]
[SourceTitle "EXT 2008"]
[Source "ChessBase"]
[SourceDate "2007.11.25"]
[SourceVersion "1"]
[SourceVersionDate "2007.11.25"]
[SourceQuality "1"]

1. Nf3 c5 2. e4 Nc6 3. b3 d6 4. Bb5 e5 5. 0-0 Nge7 6. Bc4 Ng6 7. Nc3 Be7 8. Nd5 0-0 9. Bb2 Rb8 10. a4 Kh8 11. Re1 f5 12. d3 a6 13. Ne3 f4 14. Nf1 Bf6 15. Bd5 Nge7 16. c4 g5 17. h3 Qe8 18. N3h2 h5 19. g4 Kg7 20. gxh5 Rh8 21. h6+ Rxh6 22. Bxc6 Nxc6 23. f3 Bxh3 24. Bc3 Rh4 25. Ra2 Qh5 26. Ree2 Rh8 27. Be1 Nd4 28. Reb2 Nxf3+ 29. Qxf3 g4 0-1

[Event "Novosibirsk Region-ch"]
[Site "Novosibirsk"]
[Date "2003.??.??"]
[Round "9"]
[White "Yakushev, Nikolai"]
[Black "Shevchenko, Vitaly"]
[Result "1-0"]
[WhiteElo "2216"]
[BlackElo "2236"]
[PlyCount "71"]
[EventDate "2003.??.??"]
[EventType "swiss"]
[EventRounds "9"]
[EventCountry "RUS"]
[SourceTitle "EXT 2008"]
[Source "ChessBase"]
[SourceDate "2007.11.25"]
[SourceVersion "1"]
[SourceVersionDate "2007.11.25"]
[SourceQuality "1"]

1. Nf3 d6 2. d4 g6 3. e4 Bg7 4. Bg5 c5 5. Qd2 Bg4 6. c3 Nf6 7. Bd3 0-0 8. d5 c4 9. Bxf6 exf6 10. Bxc4 Re8 11. 0-0 f5 12. Nd4 fxe4 13. h3 Bc8 14. Re1 Nd7 15. Ne6 Qh4 16. Nxg7 Kxg7 17. Qd4+ Nf6 18. Nd2 Re5 19. Nf3 Qh5 20. Nxe5 dxe5 21. Qe3 Bd7 22. Be2 Qh4 23. c4 Ne8 24. c5 f5 25. Rac1 Rc8 26. Qb3 b6 27. cxb6 Rxc1 28. Rxc1 axb6 29. Qxb6 Qg5 30. Rc7 Nxc7 31. Qxc7 Kh6 32. Qxd7 Qc1+ 33. Bf1 Qxb2 34. Qc8 f4 35. Qf8+ Kh5 36. d6 1-0

[Event "Capital of Sibiria op"]
[Site "Novosibirsk"]
[Date "2002.07.26"]
[Round "8"]
[White "Zarezenko, Ilya"]
[Black "Shevchenko, Vitaly"]
[Result "1/2-1/2"]
[WhiteElo "2296"]
[BlackElo "2167"]
[PlyCount "102"]
[EventDate "2002.07.19"]
[EventType "swiss"]
[EventRounds "9"]
[EventCountry "RUS"]
[SourceTitle "CBM 089 Extra"]
[Source "ChessBase"]
[SourceDate "2002.09.10"]
[SourceVersion "2"]
[SourceVersionDate "2002.09.10"]
[SourceQuality "1"]

1. e4 c5 2. Nf3 a6 3. c3 d6 4. d4 Nd7 5. Bd3 e6 6. 0-0 Ngf6 7. Re1 Be7 8. a4 cxd4 9. cxd4 b6 10. Nc3 Bb7 11. Qe2 e5 12. d5 0-0 13. Be3 Nh5 14. g3 g6 15. Nd2 Bg5 16. Nc4 Bxe3 17. Qxe3 Nc5 18. Be2 Nb3 19. Rad1 Nd4 20. Bxh5 gxh5 21. Rxd4 exd4 22. Qxd4 Rc8 23. Nxb6 Rc7 24. Nc4 f6 25. Ne2 h4 26. Nf4 hxg3 27. hxg3 Bc8 28. b4 Bd7 29. Ne6 Bxe6 30. dxe6 Qc8 31. Qd5 Rxc4 32. e7+ Rf7 33. e8R+ Qxe8 34. Qxc4 Qxa4 35. Qc8+ Kg7 36. Qg4+ Kf8 37. Rc1 Qxb4 38. Rc8+ Ke7 39. Qg8 Qe1+ 40. Kg2 Qxe4+ 41. Kh2 Kd7 42. Rd8+ Kc7 43. Ra8 Kb6 44. Rb8+ Rb7 45. Qd8+ Kb5 46. Qd7+ Kb6 47. Qxd6+ Ka7 48. Rc8 Qe5 49. Qd8 Rb8 50. Rc7+ Rb7 51. Rc8 Rb8 1/2-1/2

[Event "Novosibirsk op"]
[Site "Novosibirsk"]
[Date "2001.07.21"]
[Round "3"]
[White "Garagulya, Konstantin"]
[Black "Shevchenko, Vitaly"]
[Result "1-0"]
[WhiteElo "2414"]
[BlackElo "2208"]
[PlyCount "45"]
[EventDate "2001.07.18"]
[EventType "swiss"]
[EventRounds "11"]
[EventCountry "RUS"]
[SourceTitle "CBM 083 Extra"]
[Source "ChessBase"]
[SourceDate "2001.09.11"]
[SourceVersion "1"]
[SourceVersionDate "2001.09.11"]
[SourceQuality "1"]

1. d4 Nf6 2. Nf3 e6 3. c4 Bb4+ 4. Bd2 Bxd2+ 5. Nbxd2 d6 6. g3 0-0 7. Bg2 Nbd7 8. 0-0 e5 9. Qc2 c6 10. e3 Re8 11. dxe5 dxe5 12. c5 Qa5 13. Rfc1 e4 14. Ng5 Nxc5 15. Qc4 Be6 16. Nxe6 Rxe6 17. b4 Qd8 18. Rd1 Rd6 19. Qc2 Nd3 20. a3 Qe7 21. Nxe4 Nxe4 22. Rxd3 Rxd3 23. Qxd3 1-0

[Event "Novosibirsk-ch"]
[Site "Novosibirsk"]
[Date "2000.??.??"]
[Round "?"]
[White "Chigvintsev, Andrei"]
[Black "Shevchenko, Vitaly"]
[Result "1-0"]
[WhiteElo "2420"]
[BlackElo "2272"]
[PlyCount "61"]
[EventDate "2000.12.??"]
[EventType "swiss"]
[EventRounds "9"]
[EventCountry "RUS"]
[SourceTitle "EXT 2002"]
[Source "ChessBase"]
[SourceDate "2001.11.25"]
[SourceVersion "1"]
[SourceVersionDate "2001.11.25"]
[SourceQuality "1"]

1. Nf3 d6 2. d4 Bg4 3. c3 Nf6 4. h3 Bxf3 5. gxf3 d5 6. Qb3 Qc8 7. Bf4 e6 8. e4 Be7 9. Rg1 Nh5 10. Bh2 c6 11. c4 0-0 12. Nc3 c5 13. exd5 cxd4 14. d6 Bd8 15. Ne4 f5 16. Nd2 f4 17. 0-0-0 Na6 18. Ne4 Nc5 19. Nxc5 Qxc5 20. Qxb7 Bh4 21. Qe4 e5 22. Bd3 Nf6 23. Qb7 g5 24. Bg3 Rab8 25. Qc7 Qb4 26. Rd2 fxg3 27. fxg3 Rfc8 28. Qe7 Rxc4+ 29. Kb1 Nd5 30. Qxh7+ Kf8 31. Bg6 1-0